|
|
|
|
| LEADER |
01581nam a2200289 u 4500 |
| 001 |
10111939 |
| 003 |
upatras |
| 005 |
20210117204926.0 |
| 008 |
140220s2009 gr gre |
| 020 |
|
|
|a 9789604561681
|
| 040 |
|
|
|a GR-PaULI
|c GR-PaULI
|
| 041 |
0 |
|
|a gre
|a eng
|
| 082 |
0 |
4 |
|a 720.71
|
| 110 |
|
0 |
|a Αριστοτέλειο Πανεπιστήμιο Θεσσαλονίκης
|b Πολυτεχνική Σχολή
|b Τμήμα Αρχιτεκτόνων
|9 6492
|
| 245 |
1 |
0 |
|a Αρχιτεκτονική 2001-2004
|b Architecture 2001-2004
|b diploma projects
|c Αριστοτέλειο Πανεπιστήμιο Θεσσαλονίκης, Πολυτεχνική Σχολή, Τμήμα Αρχιτεκτόνων; επιμέλεια έκδοσης:Βαβύλη Φανή-Προδρομίδης Άρης
|
| 260 |
|
|
|a Θεσσαλονίκη
|b Ζήτη
|c 2009
|
| 300 |
|
|
|a 301 σ.
|b εικ., σχήμ.
|c 29 εκ.
|
| 650 |
|
4 |
|a Αρχιτεκτονική
|x Εκπαίδευση
|9 6493
|
| 650 |
|
4 |
|a Αρχιτεκτονική
|z Ελλάδα
|9 6375
|
| 650 |
|
4 |
|a Αρχιτεκτονική
|y 20ός αιώνας
|9 6376
|
| 700 |
1 |
|
|a Προδρομίδης, Άρης
|4 edt
|9 136585
|
| 700 |
1 |
|
|9 30174
|a Βαβύλη, Φανή Δ.
|4 edt
|
| 852 |
|
|
|a GR-PaULI
|b ΠΑΤΡΑ
|b ΑΡΧΙΤΕΚΤΟΝΙΚΗ
|k ΑΣΧΕ-2
|h 720.71 Α.Π.Θ
|m 010284
|p 025000214685
|t 1
|
| 942 |
|
|
|2 ddc
|c BK15
|
| 952 |
|
|
|0 0
|1 0
|4 0
|6 720_710000000000000_Α_Π_Θ
|7 0
|9 163251
|a ARCH
|b ARCH
|d 2016-04-24
|i 010284
|l 0
|o 720.71 Α.Π.Θ
|p 025000214685
|r 2016-04-24 00:00:00
|t 1
|w 2016-04-24
|y BK15
|
| 998 |
|
|
|c Λοτσάρη
|d 2014-02
|
| 999 |
|
|
|c 102396
|d 102396
|